| 000 | 00850nam a2200277Ia 4500 | ||
|---|---|---|---|
| 003 | OSt | ||
| 005 | 20221006155119.0 | ||
| 006 | a|||||r|||| 00| 0 | ||
| 007 | ta | ||
| 008 | 221006b |||||||| |||| 00| 0 eng d | ||
| 020 |
_a9780824822613 _c¥6503 |
||
| 024 | _a40,404 | ||
| 037 |
_bGift, Japan Foundation _cTextual |
||
| 040 |
_aEASL _cEASL _beng |
||
| 041 |
_2eng _aeng |
||
| 082 | _aP42, P2 | ||
| 100 |
_aNARA Hiroshi _9668377 |
||
| 245 | 0 |
_aActs of reading _b exploring connections in pedagogy of japanese |
|
| 260 |
_aHONOLULU _bHawaii _c2002 |
||
| 300 |
_axiv,326p. _ccm. |
||
| 650 |
_a Japanese language - study and teaching - foreign speakers _9668378 |
||
| 650 | _aJEL | ||
| 700 |
_a NODA Mari _9668379 |
||
| 942 |
_hP42, P2 _cTEXL _2CC |
||
| 999 |
_c1108490 _d1108490 |
||